Loading...

Patterns of mammalian reproduction /

Bibliographic Details
Main Author: Asdell, Sa
Language:Undetermined
Published: 1964.
Edition:2nd ed.
LEADER 00397nam a2200133Ia 4500
001 26232
008 170722s9999 xx 000 0 und d
100 |a Asdell, Sa 
245 |a Patterns of mammalian reproduction / 
250 |a 2nd ed. 
260 |c 1964. 
942 |c GEN 
999 |c 66559  |d 66559 
952 |0 0  |1 0  |4 0  |6 K_9767_K4  |7 0  |8 LC1  |9 94488  |a LIB  |b LIB  |d 2017-08-12  |h LC1  |o K97:67 K4  |p 107676  |r 2017-08-12  |w 2017-08-12  |y GEN